LEADER 00985nam0-22002771i-450- 001 990000401380403321 005 20001010 035 $a000040138 035 $aFED01000040138 035 $a(Aleph)000040138FED01 035 $a000040138 100 $a20001010d--------km-y0itay50------ba 101 0 $aita 105 $ay-------001yy 200 1 $aSelected ASTM Standards for Students in Engineering. Engineering Materials Standards Methods of Testing Specifications Definitions$fAmerican SOciety for Testing Materials. 210 $aPhiladelphia$cASTM$d1947 215 $a276 p., ill., 23 cm 710 02$aAmerican Society for Testing and Materials$020347 801 0$aIT$bUNINA$gRICA$2UNIMARC 901 $aBK 912 $a990000401380403321 952 $a04 233-6$bCI$fDINCH 959 $aDINCH 996 $aSelected ASTM Standards for Students in Engineering. Engineering Materials Standards Methods of Testing Specifications Definitions$9135086 997 $aUNINA DB $aING01